The hiding place. (Record no. 14229)

000 -LEADER
fixed length control field 00553nam a2200181 a 4500
001 - CONTROL NUMBER
control field :::00012058$&:&@@
003 - CONTROL NUMBER IDENTIFIER
control field OkBaRHE
005 - DATE AND TIME OF LATEST TRANSACTION
control field 20000607103415.0
008 - FIXED-LENGTH DATA ELEMENTS--GENERAL INFORMATION
fixed length control field s1940 j 000 0 eng u
040 ## - CATALOGING SOURCE
Transcribing agency
100 1# - MAIN ENTRY--PERSONAL NAME
Personal name Yeomans, Lilian Barbara.
245 14 - TITLE STATEMENT
Title The hiding place.
260 ## - PUBLICATION, DISTRIBUTION, ETC. (IMPRINT)
Place of publication, distribution, etc Springfield, MO., :
Name of publisher, distributor, etc Gospel Publishing House
Date of publication, distribution, etc c1940
300 ## - PHYSICAL DESCRIPTION
Extent 64 p. ;
Dimensions 20 cm.
650 ## - SUBJECT ADDED ENTRY--TOPICAL TERM
Topical term or geographic name as entry element Devotional Literature
942 ## - ADDED ENTRY ELEMENTS (KOHA)
Source of classification or shelving scheme
Koha item type Books
Copies
Full call number Date last seen Copy number Price effective from Source of classification or shelving scheme Shelving location Not for loan Barcode Withdrawn status Koha item type Damaged status Date acquired Lost status Permanent Location
BX 8769 .Z6Y4H52010-04-1412010-04-14 General Stacks 12058 Books 2010-04-14 RHEMA Bible Training College